00470nam a2200181 a 4500001001300000003000900013005001700022008004100039020001000080082001600090100002500106245003700131260003500168300000900203500003500212650001600247700002500263nice12345678IN_TiNIC20260116014748.0070322s2003 newa grp 000 0 eng  ac17500a297.4bNIC5 aNicholson, Reynold A aRumib Mystic and Poet 1207-1273 aNew Delhi bIndigo Book c2003 a190p aincludes index and biblioraphy aRumi-Poetry1 aNicholson, Reynold A